Normal view
MARC view
- Chemistry, Analytic
Entry Topical Term
001 - CONTROL NUMBER
- control field: 905
003 - CONTROL NUMBER IDENTIFIER
- control field: NUST
005 - DATE AND TIME OF LATEST TRANSACTION
- control field: 20170516130032.0
008 - FIXED-LENGTH DATA ELEMENTS
- fixed length control field: 170516|| aca||aabn | a|a d
040 ## - CATALOGING SOURCE
- Original cataloging agency: NUST
- Transcribing agency: NUST
150 ## - HEADING--TOPICAL TERM
- Topical term or geographic name entry element: Chemistry, Analytic
- General subdivision: Quantitative.
670 ## - SOURCE DATA FOUND
- Source citation: Work cat.: (NUST)0: Harris, Daniel C., 1948- 904, Quantitative chemical analysis /, c1999.
